Current PGA Golfers with Most Wins - Statistics

General Stats
  • This quiz has been taken 2,571 times
    1,806 since last reset
  • The average score is 14 of 48
Answer Stats
Wins Golfer % Correct
82 Tiger Woods
99%
21 Rory Mcilroy
84%
45 Phil Mickelson
80%
15 Justin Thomas
73%
24 Dustin Johnson
72%
12 Zach Johnson
72%
13 Jordan Spieth
71%
8 Brooks Koepka
63%
7 Jon Rahm
62%
14 Adam Scott
54%
7 Bryson DeChambeau
46%
12 Bubba Watson
44%
9 Justin Rose
42%
34 Vijay Singh
42%
10 Sergio Garcia
41%
12 Jason Day
40%
6 Cameron Smith
38%
9 Patrick Reed
32%
8 Hideki Matsuyama
31%
19 Ernie Els
30%
7 Xander Schauffele
27%
7 Patrick Cantlay
24%
17 Jim Furyk
23%
15 Fred Couples
21%
5 John Daly
21%
21 Davis Love III
20%
6 Henrik Stenson
18%
5 Luke Donald
18%
6 Pádraig Harrington
17%
7 Matt Kuchar
14%
6 Stewart Cink
13%
7 Webb Simpson
13%
12 Steve Stricker
12%
8 Mike Weir
10%
5 Jason Dufner
9%
6 Jimmy Walker
9%
7 Billy Horschel
7%
8 Brandt Snedeker
7%
8 K.J Choi
5%
6 Bill Haas
4%
6 Hunter Mahan
4%
5 Mark Wilson
3%
5 Nick Watney
2%
5 Ryan Moore
2%
9 Stuart Appleby
2%
5 Ben Crane
1%
5 Carl Pettersson
1%
5 Jonathan Byrd
1%
No matching quizzes found
Score Distribution
Percent of People with Each Score
Percentile by Number Answered
Your Score History
You have not taken this quiz since the last reset